000
00261nam a22001337a 4500
020
_a
012654
041
_a
ENG
100
_a
Data .T
245
_a
Graduate Engineers'Associatation
260
_a
pune
_b
pune
_c
1994
300
_a
30
650
_a
GAE
856
_u
GAE
999
_c
310
_d
310